Classement perpétuel de la Bundesliga - Statistiques

Statistiques générales
  • Ce quiz a été pris 228 fois
  • Le résultat moyen est 11 sur 20
Statistiques - réponses
Top Nb Matchs Nb Points Club % Correct
1 1.971 3.983 Bayern Munich
100%
2 1.896 3.066 Borussia Dortmund
98%
10 1.496 2.349 Bayer 04 Leverkusen
80%
7 1.827 2.556 FC Schalke 04
72%
6 1.866 2.733 Hamburg SV
71%
5 1.870 2.755 Borussia Mönchengladbach
68%
3 1.963 2.921 SV Werder Bremen
68%
4 1.896 2.760 VfB Stuttgart
68%
8 1.828 2.484 Eintracht Francfort
65%
15 879 1.235 VfL Wolfsburg
64%
12 1.347 1.764 Hertha BSC
48%
19 778 959 SC Fribourg
47%
14 1.118 1.318 1.FC Nürnberg
43%
9 1.726 2.450 1. FC Köln
39%
13 1.224 1.444 VfL Bochum
38%
18 854 1.025 Fortuna Düsseldorf
33%
11 1.492 2.094 1.FC Kaiserslautern
28%
16 1.016 1.174 Hannover 96
13%
17 948 1.147 MSV Duisburg
3%
20 812 951 Karlsruher SC
2%
Aucun quiz correspondant
Distribution des résultats
% des personnes avec chaque résultat
Percentile par nombre de réponses
Votre historique - résultats
Vous n’avez pas pris ce quiz